UBT Library

PEDIATRIC INFECTIOUS DISEASES (Record no. 59372)

000 -LEADER
fixed length control field 00325nam a22001457a 4500
008 - FIXED-LENGTH DATA ELEMENTS--GENERAL INFORMATION
fixed length control field 230317b ||||| |||| 00| 0 eng d
020 ## - INTERNATIONAL STANDARD BOOK NUMBER
International Standard Book Number 0443089434
041 ## - LANGUAGE CODE
Language code of text/sound track or separate title eng
080 ## - UNIVERSAL DECIMAL CLASSIFICATION NUMBER
Universal Decimal Classification number 615.53
082 ## - DEWEY DECIMAL CLASSIFICATION NUMBER
Classification number 615.53LON
100 ## - Rafti
Rafti 14
101 ## - Shkurtesa
Shkurtesa PEDIA
245 ## - TITLE STATEMENT
Title PEDIATRIC INFECTIOUS DISEASES
Statement of responsibility, etc LONG.S.S
942 ## - ADDED ENTRY ELEMENTS (KOHA)
Source of classification or shelving scheme
Item type Books
Holdings
Withdrawn status Lost status Source of classification or shelving scheme Damaged status Not for loan Collection code Permanent location Current location Date acquired Total Checkouts Full call number Barcode Date last seen Price effective from Koha item type
          Koleksioni i përgjithshem UBT - Lipjan UBT - Lipjan 03/17/2023   615.53LON 002-80001025 03/17/2023 03/17/2023 Books
UBT Library © 2015-2024. All rights reserved University Education for Business and Technology